Fiction from prison : gathering up the past /

Bibliographic Details
Main Author: Bonhoeffer, Dietrich, 1906-1945
Other Authors: Bethge, Renate, Bethge, Eberhard, 1909-2000, Green, Clifford J.
Format: Book
Language:English
German
Published: Philadelphia : Fortress Press, [1981]

MARC

Tag First Indicator Second Indicator Subfields
LEADER 00000pam a2200000 a 4500
001 in00000072823
005 20151008054634.0
008 810506s1981 pau b 00110 eng
010 |a  80002378  
020 |a 0800606639 :  |c $14.95 
035 |a (OCoLC)07553092 
035 |9 AAJ1245AM 
039 0 |a 2  |b 3  |c 3  |d 3  |e 3 
040 |a DLC  |c DLC  |d TXA  |d UtOrBLW 
041 1 |a eng  |a ger 
049 |a TXAM  |c [1442245] 
050 0 0 |a PT2603.O62  |b F713 1981 
082 0 |a 838/.91209  |2 19 
100 1 |a Bonhoeffer, Dietrich,  |d 1906-1945. 
240 1 0 |a Fragmente aus Tegel.  |l English 
245 1 0 |a Fiction from prison :  |b gathering up the past /  |c Dietrich Bonhoeffer ; edited by Renate and Eberhard Bethge, with Clifford Green (in the English edition) ; translated by Ursula Hoffmann. 
264 1 |a Philadelphia :  |b Fortress Press,  |c [1981] 
264 4 |c ©1981 
300 |a xiv, 210 pages ;  |c 23 cm. 
336 |a text  |b txt  |2 rdacontent 
337 |a unmediated  |b n  |2 rdamedia 
338 |a volume  |b nc  |2 rdacarrier 
500 |a Translation of: Fragmente aus Tegel. 
500 |a Includes index. 
504 |a Bibliography: pages 171-172. 
700 1 |a Bethge, Renate. 
700 1 |a Bethge, Eberhard,  |d 1909-2000. 
700 1 |a Green, Clifford J. 
999 |a MARS 
999 f f |s 45e439c8-d4a1-3a38-953f-58ba7a9d8a25  |i 571a653b-421f-3699-97af-4ca772a1c86e  |t 0 
952 f f |p normal  |a Texas A&M University  |b College Station  |c Sterling C. Evans Library  |d Evans: Library Stacks  |t 0  |e PT2603.O62 F713 1981  |h Library of Congress classification  |i unmediated -- volume  |m A14806194600 
998 f f |a PT2603.O62 F713 1981  |t 0  |l Evans: Library Stacks